Konkurenčná schopnosť odvetvia závisí od zmeny nákladovej štruktúry podnikov Rozhodujúcou tlačovou technikou je ofset
Slovenský polygrafický priemysel je z väčšej časti konsolidovaným odvetvím. Najväčšie problémy súvisia so zadlžením, reštrukturalizáciou vyrábaného sortimentu, nevhodnou štruktúrou nákladov a organizačnými zmenami. Zväz polygrafie na Slovensku. Smer vývoja technológie. Ekonomická výkonnosť a štruktú...
Guardado en:
| Autor principal: | |
|---|---|
| Formato: | Capítulo de libro |
| Lenguaje: | eslovaco |
| Materias: | |
| Etiquetas: |
Sin Etiquetas, Sea el primero en etiquetar este registro!
|
MARC
| LEADER | 00000naa a2200000 4500 | ||
|---|---|---|---|
| 001 | r018801 | ||
| 005 | 20221205103005.5 | ||
| 041 | 0 | |a slo | |
| 044 | |a SK | ||
| 245 | 1 | 0 | |a Konkurenčná schopnosť odvetvia závisí od zmeny nákladovej štruktúry podnikov |b Rozhodujúcou tlačovou technikou je ofset |c P. Švec |
| 520 | |a Slovenský polygrafický priemysel je z väčšej časti konsolidovaným odvetvím. Najväčšie problémy súvisia so zadlžením, reštrukturalizáciou vyrábaného sortimentu, nevhodnou štruktúrou nákladov a organizačnými zmenami. Zväz polygrafie na Slovensku. Smer vývoja technológie. Ekonomická výkonnosť a štruktúra sortimentu a technického personálu v polygrafickom priemysle SR. | ||
| 610 | 2 | 0 | |a Slovensko |
| 610 | 2 | 0 | |a priemysel polygrafický |
| 610 | 2 | 0 | |a priemysel papiernický |
| 610 | 2 | 0 | |a vydavateľstvá |
| 610 | 2 | 0 | |a reštrukturalizácia |
| 610 | 2 | 0 | |a technológia výroby |
| 610 | 2 | 0 | |a výkonnosť |
| 610 | 2 | 0 | |a štruktúra výrobkov |
| 610 | 2 | 0 | |a pracovníci technickí |
| 610 | 2 | 0 | |a Zväz polygrafie na Slovensku |
| 610 | 2 | 0 | |a zadlženosť |
| 100 | 1 | |a Švec, P. | |